000 00579nam a2200181 i 4500
001 100060
003 ES-MaACL
005 20250915063042.0
007 t|
008 050921s1946 sp ||||1| spa d
100 1 _aMartínez Val, José María,
_d1916-
_978455
245 1 0 _aPanorama de la geografía humana actual /
_cJosé María Martínez Val.
260 _aMadrid :
_b[s.n.],
_c1946.
300 _a12 h. ;
_c25 cm.
500 _aEs tirada aparte de Estudios Geográficos. Año VII, nº 22, p. 73-96.
852 _aES-MaACL
_j1857-F-14
_bR.22662
999 _c100060
_d100060